• 首页
  • 本馆介绍
  • 公告通知
  • 最新文献
  • 馆藏检索
  • 电子资源
  • 读者导购
  • 参考咨询
  • 我的图书馆
  • 登录
  • 详细信息显示
  • 放入我的书架
  • 预约/预借图书
  • 作者相关作品
  • 分类相关作品
  • 丛书相关作品
  • 出版社相关作品

书目信息

  • 表格格式
  • 工作单格式
  • 卡片格式
题名:
中国古代华侨
    
 
作者: 王俊 编著
分册:  
出版信息: 北京   中国商业出版社  2017
页数: 224页
开本: 24cm
丛书名: 中国传统民俗文化丛书
单 册:
中图分类: K828.8=2
科图分类:
主题词: 华侨--生平事迹--中国--古代
电子资源:
ISBN: 978-7-5044-9685-0
000 01065oam2 2200265 45
001 012001000053
005 20140920091301.0
010    @a978-7-5044-9685-0@dCNY45.00
100    @a20171018d2017 em y0chiy50 ea
101 0  @achi
102    @aCN@b110000
105    @aab z 000yd
106    @ar
200 1  @a中国古代华侨@9Zhong Guo Gu Dai Hua Qiao@f王俊编著
210    @a北京@c中国商业出版社@d2017
215    @a224页@c图,照片,地图@d24cm
225 1  @a中国传统民俗文化丛书@h一@i古代人物系列@v13
330    @a本书主要叙述了世界各地先后2500万华侨移居海外生存、奋斗、发展的历史过程;介绍华侨华人目前的状况和分布;论述从16世纪以来正式形成的全球华侨社会。介绍了各地华侨经历适应当地社会环境、参与竞争,奋斗,与当地人民同化的全过程。书中从不同的角度对这些问题进行了分析研究,进一步揭示近代华侨的状况。
461  0 @12001 @a中国传统民俗文化丛书
462  0 @12001 @a古代人物系列
606 0  @a华侨@x生平事迹@y中国@z古代
690    @aK828.8=2@v5
701  0 @a王俊@9Wang Jun@f(1970-)@4编著
801  0 @aCN@b上海新华@c20180901
905    @b1040255-59@dK828.8@e90@f5
    
    中国古代华侨/王俊编著.-北京:中国商业出版社,2017
    224页:图,照片,地图;24cm.-(中国传统民俗文化丛书.一.古代人物系列;13)
    
    
    ISBN 978-7-5044-9685-0:CNY45.00
    本书主要叙述了世界各地先后2500万华侨移居海外生存、奋斗、发展的历史过程;介绍华侨华人目前的状况和分布;论述从16世纪以来正式形成的全球华侨社会。介绍了各地华侨经历适应当地社会环境、参与竞争,奋斗,与当地人民同化的全过程。书中从不同的角度对这些问题进行了分析研究,进一步揭示近代华侨的状况。
●
相关链接 在E读中查询图书 在五车中查询图书 在当当中查询图书 在豆瓣中查询图书


正题名:中国古代华侨     索取号:K828.8/90         预约/预借

序号 登录号 条形码 馆藏地/架位号 状态 备注
1 1040255   210402553   第二样本阅览室/ [索取号:K828.8/90] 在馆    
2 1040256   210402562   第二借阅区/ [索取号:K828.8/90] 在馆    
3 1040257   210402571   密集书库-史法系/ [索取号:K828.8/90] 在馆    
4 1040258   210402580   第二借阅区/ [索取号:K828.8/90] 在馆    
5 1040259   210402599   第二借阅区/ [索取号:K828.8/90] 在馆    
唐山师范学院图书馆 欢迎您!
大连网信软件有限公司© 版权所有